[Event "Agneaux St Lo op 15th"]
[Site "Agneaux"]
[Date "2013.07.09"]
[Round "4"]
[White "Langevin, Pauline"]
[Black "Marie, Florian"]
[Result "1/2-1/2"]
[WhiteElo "1511"]
[BlackElo "1754"]
[PlyCount "55"]
[EventDate "2013.07.07"]
[EventType "swiss"]
[EventRounds "9"]
[EventCountry "FRA"]
[SourceTitle "EXT 2014"]
[Source "ChessBase"]
[SourceDate "2013.11.20"]
[SourceVersion "1"]
[SourceVersionDate "2013.11.20"]
[SourceQuality "1"]

1. d4 Nf6 2. c4 g6 3. Nc3 Bg7 4. e4 d6 5. f4 0-0 6. Nf3 c5 7. d5 Ne8 8. Bd2 e6 9. Bd3 exd5 10. exd5 f5 11. 0-0 Nf6 12. Re1 Na6 13. Nb5 Qb6 14. Rb1 Nxd5 15. Nxd6 Qxd6 16. cxd5 c4 17. Be2 Qxd5 18. Rc1 b5 19. Ne5 Qd4+ 20. Kh1 Bxe5 21. fxe5 Be6 22. Bf3 Rab8 23. Be3 Qxd1 24. Rcxd1 Rbd8 25. Bxa7 Nb4 26. Bc5 Nd3 27. Bxf8 Nf2+ 28. Kg1 1/2-1/2